Every Type Of Vegetable - Statistics

General Stats
  • This quiz has been taken 79 times
    74 since last reset
  • The average score is 43 of 455
Answer Stats
Name % Correct
Carrot
96%
Broccoli
88%
Tomato
88%
Lettuce
85%
Cabbage
83%
Cucumber
83%
Onion
83%
Potato
81%
Pepper
79%
Zucchini / Courgette / Marrow
77%
Corn / Maize
75%
Pumpkin
73%
Eggplant / Aubergine / Brinjal
71%
Pea
71%
Bean
69%
Squash
69%
Cauliflower
67%
Radish
65%
Spinach
63%
Bell pepper
62%
Garlic
62%
Sweet potato (Kumara)
60%
Sweet potato leaves
60%
Mushroom
58%
Basil
56%
Kale
56%
Parsley
56%
Beet
54%
Olive
54%
Turnip
54%
Asparagus
52%
Celery
52%
Rosemary
52%
Coriander (Cilantro)
48%
Leek
44%
Rutabaga (Swede)
44%
Avocado
42%
Thyme
42%
Yam
42%
Ginger
40%
Mint
40%
Parsnip
40%
Jalapeño
38%
Oregano
38%
Chives
37%
Snap pea (sugarsnap, mangetout)
37%
Artichoke
35%
Ube (Purple yam)
35%
Okra
33%
Sage
33%
Cinnamon
31%
Paprika
31%
Rhubarb
31%
Spring onion / Scallion
31%
Chickpea
29%
Shallot
29%
Bok choy
27%
Dill
27%
Snow pea (mangetout)
27%
Watercress
27%
Arugula
25%
Butternut squash
25%
Peanut
25%
Rape (Canola)
25%
Soybean
25%
Water chestnut
25%
Bay leaf
23%
Brussels sprout
23%
Cumin
23%
Gourd
23%
Grape (leaves)
23%
Habanero
23%
Chili pepper
21%
Fennel
21%
Mustard
21%
Beetroot
19%
Broccolini flowers
19%
Cayenne pepper
19%
Lentil
19%
Lima bean
19%
Collard greens
17%
Curry leaf
17%
Nutmeg
17%
Rice
17%
Anise
15%
Chard
15%
Horseradish
15%
Lavender
15%
Vanilla
15%
Taro leaves
13%
Tomatillo
13%
Turmeric
13%
Water melon
13%
Caper
12%
Cardamom
12%
Cassava
12%
Daikon
12%
Jícama
12%
Saffron
12%
Star anise
12%
Taro
12%
Bitter melon / Bitter gourd
10%
Celeriac
10%
Clove
10%
Endive
10%
Lemongrass
10%
Nori
10%
Peppermint
10%
Tarragon
10%
Allspice (Pimenta / Pimento)
8%
Bamboo shoot
8%
Black-eyed pea
8%
Chicory
8%
Cress
8%
Dandelion
8%
Fava bean
8%
Kelp
8%
Kohlrabi
8%
Radicchio
8%
Runner bean
8%
Swiss chard
8%
Wasabi
8%
Burdock
6%
Chayote
6%
Ginseng
6%
Lotus root
6%
Rapini (broccoli rabe)
6%
Sesame
6%
Spearmint
6%
Ti
6%
Canna
4%
Chervil
4%
Fiddlehead
4%
Garbanzo
4%
Grape tomato
4%
Hops
4%
Jerusalem artichoke
4%
Napa cabbage
4%
Papaya leaves
4%
Sorrel
4%
Thai basil
4%
Winter melon
4%
Borage greens
2%
Cardoon
2%
Carola
2%
Cucamelon / Mouse melon
2%
Elderflower
2%
Elephant garlic
2%
Heart of palm
2%
Lamb's quarters
2%
Lemon verbena
2%
Luffa
2%
Marjoram
2%
Marshmallow
2%
Moringa
2%
Mung bean
2%
Pimiento
2%
Poppy seed
2%
Salsify
2%
Samphire
2%
Snake gourd
2%
Vegetable fern
2%
Wheatgrass
2%
Yao choy (Yu choy)
2%
Yerba buena
2%
Absinthe / Common wormwood
0%
Ahipa
0%
Alexanders
0%
Alkanet
0%
Alligator pepper
0%
American groundnut
0%
Angelica
0%
Annatto
0%
Aonori
0%
Arame
0%
Armenian cucumber
0%
Arracacha
0%
Arrowhead elephant ear
0%
Arrowleaf elephant ear
0%
Arrowroot
0%
Asafoetida
0%
Ashanti pepper
0%
Asiatic pennywort
0%
Asparagus bean
0%
Atibulnak
0%
Avocado leaf
0%
Azuki bean
0%
Banana flower
0%
Banana pith
0%
Barberry
0%
Big Jim pepper
0%
Binung
0%
Black mustard
0%
Blue pea / Asian pigeonwings
0%
Boldo
0%
Bologi
0%
Boxberry
0%
Brazilian pepper (Pink pepper)
0%
Broadleaf arrowhead
0%
Brooklime
0%
Brown mustard
0%
Caigua / Achocha
0%
Calabash / Bottle gourd
0%
Calabash nutmeg
0%
Calabaza / West Indian pumpkin
0%
California bay laurel
0%
Camas
0%
Caraway leaves
0%
Cassumunar ginger
0%
Catsear
0%
Celtuce
0%
Charoli
0%
Chaya
0%
Chickweed
0%
Chinese artichoke
0%
Chinese ginger
0%
Chinese mallow
0%
Cicely
0%
Clary
0%
Common bean
0%
Common purslane
0%
Corn salad (Lamb's lettuce)
0%
Costmary
0%
Cubeb pepper
0%
Cucumis prophetarum
0%
Culangot
0%
Curly parsley
0%
Cyperus articulatus (jointed flatsedge, priprioca)
0%
Dabberlocks (Badderlocks)
0%
Daylily
0%
Deulkkae
0%
Dolichos bean
0%
Dootsi
0%
Dorrigo pepper
0%
Drumstick
0%
Dulse (Dillisk)
0%
Earthnut pea
0%
Eelgrass
0%
Elephant foot yam
0%
Ensete
0%
Epazote
0%
Fat hen
0%
Fenugreek
0%
Filé powder
0%
Flat-leaf parsley
0%
Florence fennel
0%
Fluted pumpkin
0%
Friggitello
0%
Fringed rue
0%
Gac
0%
Galangal (Fingerroot)
0%
Galo
0%
Garland Chrysanthemum
0%
Garlic chives
0%
Giant swamp taro
0%
Giant taro
0%
Gnetum / Melinjo
0%
Golden samphire
0%
Golpar
0%
Good King Henry
0%
Grains of paradise (Melegueta pepper)
0%
Grains of Selim (Kani pepper)
0%
Greater plantain
0%
Green bean (French bean)
0%
Green laver / Gim
0%
Gromwell
0%
Ground elder
0%
Guar
0%
Gusô
0%
Hamburg parsley
0%
Herb bennet
0%
Hijiki
0%
Himbabao
0%
Hoja santa
0%
Horse gram
0%
Huacatay
0%
Hungarian wax pepper
0%
Hyacinth bean
0%
Hyssop
0%
Indian pea
0%
Ivy gourd
0%
Jade vine / Tayabak
0%
Jakhya
0%
Japanese parsley
0%
Jasmine
0%
Jimbu
0%
Juniper berry
0%
Jute mallow / Melokhia
0%
Kabocha
0%
Kaffir lime leaves
0%
Kai-lan
0%
Kalette
0%
Kapas-kapas
0%
Keluak (Kluwak, Kepayang)
0%
Kencur
0%
Kerguelen cabbage
0%
Kinh gioi (Vietnamese balm)
0%
Kiwano / Horned melon
0%
Kokum
0%
Komatsuna
0%
Kombu
0%
Korarima (Ethiopian cardamom)
0%
Koseret
0%
Kudum Puli (Malabar tamarind)
0%
Kuka
0%
Kurrat
0%
Kutjura
0%
Lagos bologi
0%
Landang
0%
Land cress
0%
Leaf celery
0%
Lemon balm
0%
Lemon basil
0%
Lemon ironbark
0%
Lemon myrtle
0%
Lengkuas (Greater galangal)
0%
Leptotes bicolor
0%
Lesser calamint
0%
Lesser galangal
0%
Licorice
0%
Lizard's tail
0%
Locust beans
0%
Long pepper
0%
Loroco
0%
Lovage
0%
Mace
0%
Mahleb
0%
Malabar spinach
0%
Mallow
0%
Manchurian wild rice
0%
Mashua
0%
Mastic
0%
Miner's lettuce (Winter purslane)
0%
Mizuna greens
0%
Moldavian dragonhead
0%
Moth bean
0%
Mountain horopito
0%
Mountain pepper
0%
Mozuku
0%
Musk mallow
0%
New Mexico chile
0%
New Zealand Spinach
0%
Nigella
0%
Njangsa
0%
Nopal
0%
Ogonori
0%
Orache
0%
Orris root
0%
Palmyra sprout
0%
Pandan
0%
Papalo
0%
Paracress
0%
Pearl onion
0%
Pennyroyal
0%
Peperoncino
0%
Perilla
0%
Peruvian pepper
0%
Pession berry
0%
Pigeon pea
0%
Pignut
0%
Pipicha
0%
Pitogo
0%
Pointed gourd
0%
Pokeweed
0%
Polynesian arrowroot / East Indian arrowroot
0%
Potato onion
0%
Prairie turnip
0%
Prussian asparagus
0%
Purple bauhinia / Butterfly tree
0%
Purslane
0%
Quassia
0%
(Red) laver
0%
Red rice powder
0%
Red spinach
0%
Red yeast rice
0%
Ricebean
0%
Rice paddy herb
0%
Ridged gourd
0%
Royal fern
0%
Rue
0%
Safflower
0%
Sago
0%
Salad burnet
0%
Sandia pepper
0%
Sassafras
0%
Savory
0%
Scorzonera
0%
Sculpit / Stridolo
0%
Sea beans / samphire greens
0%
Sea beet
0%
Sea grape
0%
Sea kale
0%
Sea lettuce
0%
Sha ren
0%
Shepherd's purse
0%
Shiso
0%
Sierra Leone bologi
0%
Siling haba
0%
Silphium
0%
Skirret
0%
Soko
0%
Sour cabbage
0%
Spikenard
0%
Spine gourd / Kantola
0%
Spiny amaranth
0%
Squash blossom / Courgette flower
0%
Stone parsley
0%
Strawberry gum
0%
Sumac
0%
Summer purslane
0%
Sunset muskmallow
0%
Sweet basil
0%
Sweet woodruff
0%
Szechuan pepper
0%
Tahitian spinach
0%
Tarwi (Tarhui / Chocho)
0%
Tasmanian pepper
0%
Tatsoi
0%
Tepary bean
0%
Tetrapleura tetraptera (Prekese / Uyayak)
0%
Tigernut
0%
Tinda
0%
Tipuho
0%
Tonka beans
0%
Tree onion
0%
Tulasi (Holy basil)
0%
Turkey berries
0%
Turnip greens
0%
Ulluco
0%
Urad bean
0%
Vegetable hummingbird
0%
Velvet bean
0%
Viagra palm
0%
Voatsiperifery
0%
Wakame
0%
Waterblommetjie
0%
Water caltrop
0%
Water-pepper
0%
Water spinach
0%
Welsh onion
0%
West Indian gherkin
0%
White mustard
0%
Wild leek
0%
Winged bean
0%
Wintergreen
0%
Wood avens
0%
Yacón
0%
Yarrow
0%
Yautia horqueta
0%
Yellow mustard
0%
Zedoary
0%
Zicao (Red stoneroot / Red gromwell)
0%
No matching quizzes found
Score Distribution
Percent of People with Each Score
Percentile by Number Answered
Your Score History
You have not taken this quiz since the last reset